000 00370nam a22001457a 4500
003 OSt
005 20250830110921.0
008 250830b |||||||| |||| 00| 0 eng d
040 _cIIMT COLLEGE OF SCIENCE AND TECHNOLOGY
100 _aM.A RIZVI
245 _aEFFECTIVE TECHNICAL COMMUNICATION
260 _aDELHI
_bMC GRAW HILL
_c2025
300 _a565
942 _2ddc
_c02
999 _c66079
_d66079